| 000 | 00726nam a2200217 a 4500 | ||
|---|---|---|---|
| 005 | 20231108063656.0 | ||
| 008 | 010608s1996 mx r 000 0 spa d | ||
| 020 | _a0787902381 (Tela) | ||
| 035 | _aUPN01000107870 | ||
| 049 | _aCG | ||
| 050 | 4 |
_aLB1028.5 _bE3.8 |
|
| 245 | 0 | 0 |
_aEducating and technology : _breflections on computing in classrooom / _ced. Charles Fisher ... [et al.]. |
| 260 |
_aSan Francisco, Calif. : _bApple Press : _bJossey-Bass, _cc1996. |
||
| 300 | _a316 p. | ||
| 440 | 0 | _aJossey-Bass education series | |
| 650 | 4 |
_aComputadoras en la educación _94976 |
|
| 650 | 4 |
_aINSTRUCCION MEDIANTE COMPUTADOR _94980 |
|
| 650 | 4 |
_aTecnología educativa _94978 |
|
| 700 | 1 |
_aFisher, Charles, _eed. |
|
| 905 | _aLibro | ||
| 999 |
_c81782 _d81782 |
||